Statistics for Famous People Born in North Dakota

Click here to take the quiz!

General Stats

  • This quiz has been taken 35 times
  • The average score is 2 of 6

Answer Stats

DescriptionFamous PersonBirth City% Correct
Actor of Transformers and Las VegasJosh DuhamelMinot
71%
ABC music show host 1951-1982Lawrence WelkStrasburg
53%
Singer/actress of Lady and the TrampPeggy LeeJamestown
47%
NM governor 1995-2003Gary JohnsonMinot
24%
Actress of Iron Man and Talladega NightsLeslie BibbBismarck
18%
Actor as Emmett in TwilightKellan LutzDickinson
12%

Score Distribution

Percentile by Number Answered

Percent of People with Each Score

Your Score History

You have not taken this quiz